000 00720nam a2200193 i 4500
001 bg
245 0 _aMaszyny i urządzenia technologiczne dla przetwórstwa spożywczego produkowane w Polsce :
_bkatalog /
_cStowarzyszenie Naukowo-Techniczne Inżynierów i Techników Przemysłu Spożywczego.
250 _aWyd. 2 popr. i uzup.
260 _aWarszawa :
_bSNTIiTPS,
_c2001.
300 _aSkoroszyt ;
_c30 cm.
650 9 _aPrzemysł rolno-spożywczy
_xnarzędzia i maszyny
655 _aKatalogi
710 0 _aStowarzyszenie Naukowo-Techniczne Inżynierów i Techników Przemysłu Spożywczego
040 _cBPK
041 0 _apl
080 _a664(085.2)
942 _cKA
008 s pl f |000 0 pol
999 _c35003
_d35003
856 _uhttp://koha.tu.koszalin.pl/cgi-bin/koha/opac-detail.pl?biblionumber=35003
_yKatalog online BPK